Women, peace and security: (Record no. 4846)

MARC details
000 -LEADER
fixed length control field 00586nam a2200133 4500
008 - FIXED-LENGTH DATA ELEMENTS--GENERAL INFORMATION
fixed length control field 240309b |||||||| |||| 00| 0 eng d
082 ## - DEWEY DECIMAL CLASSIFICATION NUMBER
Classification number 305.4
Item number SRI
942 ## - ADDED ENTRY ELEMENTS (KOHA)
Item Type Reports
110 ## - MAIN ENTRY--CORPORATE NAME
Corporate Name Sri Lanka, state Ministry of women and child development, pre-schools and primary education, school infrastructure and education services
245 ## - TITLE STATEMENT
Title Women, peace and security:
Sub Title Sri Lanka's national action plan for the implementation of the UN security council's resolutions on women, peace and security 2022-2026- draft document
300 ## - PHYSICAL DESCRIPTION
Extent 74 p.
650 ## - SUBJECT ADDED ENTRY--TOPICAL TERM
Topical Term WOMEN AND PEACE
650 ## - SUBJECT ADDED ENTRY--TOPICAL TERM
Topical Term Women and war
Holdings
Withdrawn status Lost status Source of classification or shelving scheme Damaged status Not for loan Permanent location Current location Date acquired Total Checkouts Full call number Barcode Date last seen Price effective from Koha item type
    Dewey Decimal Classification     Resource center, Muslim Women's Research And Action Forum Resource center, Muslim Women's Research And Action Forum 2024-03-09   305.4 SRI RAF5186 2024-03-09 2024-03-09 Reports

Copyright © 2023 Muslim Women's Research and Action Forum (MWRAF), No 27/3, Anderson Road, Kalubowila, Dehiwela. Funded by The Asia Fundation